00381nam a2200121 i 4500001000300000245006800003250001200071260002100083040000800104041000800112008004100120856009800161bg 0aUniwersalna klasyfikacja dziesiętna :b621.3 Elektrotechnika. aWyd.10. aWarszawa,c1967. cBPK apol s pl f |000 0 pol  uhttp://koha.tu.koszalin.pl/cgi-bin/koha/opac-detail.pl?biblionumber=10493yKatalog online BPK